[Event "FRA T IV 09-10"]
[Site "Champagne Ardennes"]
[Date "2009.10.18"]
[Round "2"]
[White "Guyon, Cyndie"]
[Black "Szylar, Eric"]
[Result "0-1"]
[WhiteElo "1905"]
[BlackElo "2048"]
[PlyCount "134"]
[EventDate "2009.11.26"]
[EventType "match"]
[EventCountry "FRA"]

1. d4 Nf6 2. Bg5 c5 3. Nc3 cxd4 4. Qxd4 Nc6 5. Qa4 e6 6. Nf3 Be7 7. e3 O-O 8.
Be2 d5 9. Nd4 Bd7 10. Bb5 Qb6 11. Rb1 h6 12. Bh4 a6 13. Nxc6 bxc6 14. Be2 Ne4
15. Bxe7 Nxc3 16. Qb4 Qxb4 17. Bxb4 Nxb1 18. Bxf8 Kxf8 19. Kd1 Rb8 20. Kc1 Na3
21. bxa3 a5 22. c4 c5 23. Rd1 Bc6 24. g3 Ke7 25. Rd2 Rd8 26. Bf3 f6 27. Kc2 Kd6
28. Be2 Kc7 29. Kc3 Rb8 30. f4 Rd8 31. Rd1 Rd6 32. Rd2 e5 33. cxd5 Bxd5 34. Bc4
Bxc4 35. Rxd6 Kxd6 36. Kxc4 exf4 37. exf4 f5 38. a4 h5 39. Kb5 Kd5 40. Kxa5 Kd4
41. Kb6 c4 42. a5 c3 43. a6 c2 44. a7 c1=Q 45. a8=Q Qb2+ 46. Kc7 Qxh2 47. Qa4+
Ke3 48. Qb3+ Kf2 49. a4 h4 50. Qb2+ Kxg3 51. Qxh2+ Kxh2 52. a5 Kg1 53. a6 h3
54. a7 h2 55. a8=Q h1=Q 56. Qf8 Qe4 57. Qxg7+ Kf2 58. Qg5 Kf3 59. Kd7 Qxf4 60.
Qh5+ Ke3 61. Ke6 Qe4+ 62. Kf6 f4 63. Qh3+ f3 64. Kg5 Ke2 65. Qh1 Qe5+ 66. Kg4
f2 67. Qf3+ Ke1 0-1

[Event "FRA T IV 09-10"]
[Site "Champagne Ardennes"]
[Date "2009.10.18"]
[Round "2"]
[White "Lassalle, Arnaud"]
[Black "Leghbali, Sophiane"]
[Result "1-0"]
[WhiteElo "2016"]
[BlackElo "1884"]
[PlyCount "107"]
[EventDate "2009.11.26"]
[EventType "match"]
[EventCountry "FRA"]

1. e4 e6 2. d4 d5 3. Nd2 Nf6 4. e5 Nfd7 5. Bd3 c5 6. c3 Nc6 7. Ne2 f6 8. exf6
Nxf6 9. Nf3 Bd6 10. O-O Qc7 11. Re1 O-O 12. dxc5 Bxc5 13. Nf4 Ng4 14. Bxh7+
Kxh7 15. Ng5+ Kg8 16. Qxg4 e5 17. Qh5 Bf5 18. Nxd5 Bxf2+ 19. Kxf2 Bg6+ 20. Kg1
Qd6 21. Qd1 Rad8 22. Ne3 Qc5 23. Qb3+ Bf7 24. Nxf7 Rxf7 25. Rf1 Rdf8 26. Bd2 b5
27. Rxf7 Rxf7 28. Rf1 Nd8 29. Rxf7 Nxf7 30. Qd5 Qb6 31. Kf1 Qf6+ 32. Ke2 Qf4
33. g3 Qg5 34. Qa8+ Kh7 35. Qe4+ Kg8 36. Qg4 Qh6 37. h4 Qf6 38. Qc8+ Kh7 39.
Qf5+ Kg8 40. Qxf6 gxf6 41. Nf5 Kh7 42. h5 a6 43. Be3 Nd8 44. Bc5 Nc6 45. Be7
Nxe7 46. Nxe7 Kh6 47. g4 Kg5 48. Ke3 Kh6 49. b3 Kg5 50. c4 bxc4 51. bxc4 Kxg4
52. h6 f5 53. Nxf5 Kxf5 54. h7 1-0

[Event "FRA T IV 09-10"]
[Site "Champagne Ardennes"]
[Date "2009.11.22"]
[Round "3"]
[White "Chittier, Celine"]
[Black "Roule, Alexandre"]
[Result "1-0"]
[WhiteElo "1870"]
[BlackElo "1600"]
[PlyCount "123"]
[EventDate "2009.11.26"]
[EventType "match"]
[EventCountry "FRA"]

1. Nf3 Nf6 2. d4 g6 3. c4 Bg7 4. Nc3 d5 5. cxd5 Nxd5 6. e4 Nxc3 7. bxc3 Nc6 8.
Bc4 O-O 9. O-O e5 10. Bg5 Qd6 11. d5 Na5 12. Bd3 f6 13. Be3 b6 14. Qc1 c5 15.
Qa3 Rd8 16. Nd2 Bf8 17. Qc1 Rd7 18. f4 Rg7 19. fxe5 fxe5 20. Qe1 g5 21. Qf2 Qe7
22. Nf3 Qf7 23. Nxe5 Qxf2+ 24. Rxf2 Bd6 25. Nf3 g4 26. Nd2 Bxh2+ 27. Kf1 Bg3
28. Re2 Rf7+ 29. Kg1 Bd7 30. Rf1 Rg7 31. Bf4 Bh4 32. e5 Rd8 33. Bh6 Rf7 34.
Rxf7 Kxf7 35. e6+ Bxe6 36. dxe6+ Ke7 37. Bf5 g3 38. Kf1 Rd5 39. Bc2 Bf6 40. Ne4
Be5 41. Bg5+ Kxe6 42. Nxg3 Kd7 43. Nf5 Ke6 44. Bf4 Kf6 45. Bxe5+ Rxe5 46. Rxe5
Kxe5 47. Ke2 b5 48. Ng3 Nc4 49. Bxh7 b4 50. cxb4 cxb4 51. Kd3 Nd6 52. Ne4 Nb5
53. Kc4 Na3+ 54. Kxb4 Nc2+ 55. Ka5 Ne3 56. g3 Kd4 57. Ka6 Kc4 58. Kxa7 Kb4 59.
Kb6 Ka3 60. Bg8 Nf5 61. g4 Nh6 62. Nf6 1-0

[Event "FRA T IV 09-10"]
[Site "Champagne Ardennes"]
[Date "2009.11.22"]
[Round "3"]
[White "Ferrand, Christophe"]
[Black "Hacene, Ahmed"]
[Result "1/2-1/2"]
[WhiteElo "1904"]
[BlackElo "1807"]
[PlyCount "125"]
[EventDate "2009.11.26"]
[EventType "match"]
[EventCountry "FRA"]

1. e4 e6 2. d4 d5 3. Nd2 Nf6 4. e5 Nfd7 5. Bd3 c5 6. c3 Nc6 7. Ne2 cxd4 8. cxd4
Bb4 9. O-O O-O 10. f4 f5 11. Nf3 Be7 12. Bd2 Nb6 13. b3 Bd7 14. Qe1 Be8 15. Rc1
Bh5 16. h3 h6 17. Qg3 Kh8 18. Qh2 Bxf3 19. Rxf3 Ba3 20. Rcf1 Rg8 21. g4 g6 22.
Kh1 Qh4 23. Be1 Qe7 24. Bf2 Qg7 25. Be3 Ne7 26. Rg1 Qh7 27. Ng3 h5 28. gxh5
gxh5 29. h4 Rg4 30. Be2 Ng6 31. Nf1 Be7 32. Rh3 Rxg1+ 33. Kxg1 Rg8 34. Kf2 Nd7
35. Ng3 Bxh4 36. Rxh4 Nxh4 37. Qxh4 Nf8 38. Qf6+ Qg7 39. Nxh5 Qxf6 40. Nxf6 Rg7
41. Bd3 Re7 42. Nxd5 exd5 43. Bxf5 Rf7 44. Bd3 Kg7 45. f5 Ne6 46. Kg3 Rc7 47.
f6+ Kf7 48. Kf2 a6 49. Ke2 b5 50. Kd2 b4 51. Be2 Kg6 52. Bf3 Rd7 53. Bg4 Kf7
54. Bh5+ Kg8 55. Kd3 Rh7 56. Bg6 Rh2 57. Be8 Nc7 58. Bd7 Kf7 59. Bd2 a5 60. Bc6
Rh3+ 61. Kc2 Rh4 62. Kd3 Rh3+ 63. Kc2 1/2-1/2

[Event "FRA T IV 09-10"]
[Site "Champagne Ardennes"]
[Date "2009.11.22"]
[Round "3"]
[White "Tournier, Timothee"]
[Black "Louis, Andre"]
[Result "1-0"]
[WhiteElo "1887"]
[BlackElo "1860"]
[PlyCount "69"]
[EventDate "2009.11.26"]
[EventType "match"]
[EventCountry "FRA"]

1. c4 e5 2. Nc3 Nf6 3. Nf3 Nc6 4. g3 g6 5. Bg2 Bg7 6. O-O O-O 7. d3 d6 8. Rb1
Rb8 9. b4 Ne7 10. Bd2 c6 11. Qc1 Bd7 12. c5 Bg4 13. cxd6 Qxd6 14. h3 Bd7 15. d4
Nfd5 16. Ne4 Qc7 17. Nxe5 Bf5 18. f4 Bxe4 19. Bxe4 f6 20. Nf3 Rfd8 21. Bd3 Qd7
22. Kh2 Re8 23. e4 Nc7 24. Qc2 Nb5 25. a4 Nxd4 26. Qc4+ Ne6 27. f5 gxf5 28.
exf5 Rbd8 29. Bc2 Nd5 30. fxe6 Qxe6 31. Rbe1 Qf7 32. Bxh7+ Kh8 33. Qh4 Bh6 34.
Bb1 Rxe1 35. Qxh6+ 1-0

[Event "FRA T IV 09-10"]
[Site "Champagne Ardennes"]
[Date "2009.11.22"]
[Round "3.1"]
[White "Defrance, Laurent"]
[Black "Delambre, Thierry"]
[Result "1-0"]
[WhiteElo "2201"]
[BlackElo "1910"]
[PlyCount "77"]
[EventDate "2009.11.26"]
[EventType "match"]
[EventCountry "FRA"]

1. d4 d5 2. Nf3 Nf6 3. c4 dxc4 4. e3 Bf5 5. Bxc4 Bxb1 6. Rxb1 e6 7. O-O c6 8.
Qe2 Nbd7 9. e4 Nb6 10. Bd3 Be7 11. Bf4 O-O 12. Rfd1 Re8 13. Rbc1 Rc8 14. h3
Nbd7 15. a3 Nf8 16. Bg5 Nh5 17. Be3 Ng6 18. g3 Nf6 19. Kg2 Qc7 20. Bb1 Rcd8 21.
Bg5 Nh5 22. Be3 Nf6 23. Qc4 Qa5 24. Qb3 Rd7 25. Bd2 Qh5 26. Qa4 a6 27. Qa5 Qxa5
28. Bxa5 c5 29. e5 Nd5 30. dxc5 Bxc5 31. Bxg6 hxg6 32. Rxc5 Ne3+ 33. fxe3 Rxd1
34. Rc7 Rb1 35. Bc3 a5 36. Ng5 Rf8 37. Rxb7 a4 38. Rb6 Rc8 39. Ra6 1-0

[Event "FRA T IV 09-10"]
[Site "Champagne Ardennes"]
[Date "2009.11.22"]
[Round "3.2"]
[White "Durant, Christophe"]
[Black "Fourcart, Maxence"]
[Result "1/2-1/2"]
[WhiteElo "1948"]
[BlackElo "2083"]
[PlyCount "41"]
[EventDate "2009.11.26"]
[EventType "match"]
[EventCountry "FRA"]

1. d4 d5 2. Nf3 Nf6 3. Bf4 g6 4. e3 Bg7 5. Be2 O-O 6. Nbd2 c5 7. c3 Nc6 8. Ne5
Qb6 9. Qb3 c4 10. Qxb6 axb6 11. Bf3 Bf5 12. O-O Nxe5 13. Bxe5 Bd3 14. Bxf6 Bxf6
15. Rfe1 Ra5 16. g3 Rfa8 17. a3 Rb5 18. Ra2 e6 19. Be2 Bc2 20. Bd1 Bd3 21. Be2
1/2-1/2

[Event "FRA T IV 09-10"]
[Site "Champagne Ardennes"]
[Date "2009.11.22"]
[Round "3.3"]
[White "Dubuisson, Thomas"]
[Black "Crepaux, Jean Marie"]
[Result "0-1"]
[WhiteElo "2003"]
[BlackElo "1940"]
[PlyCount "134"]
[EventDate "2009.11.26"]
[EventType "match"]
[EventCountry "FRA"]

1. e4 e5 2. f4 exf4 3. Nf3 g5 4. h4 g4 5. Ng5 Nh6 6. d4 Bg7 7. Bxf4 Nc6 8. c3
O-O 9. Bc4 d6 10. O-O Na5 11. Bd3 f6 12. b4 Nc6 13. Bc4+ Kh8 14. Ne6 Bxe6 15.
Bxe6 Qe8 16. Bxh6 Bxh6 17. Qxg4 Qg6 18. Qf3 Rae8 19. Bf5 Qg8 20. Rf2 Re7 21.
Nd2 Rg7 22. Nf1 Qf7 23. Ng3 Qc4 24. Raf1 Ne7 25. Kh2 Ng6 26. Bxg6 hxg6 27. h5
Bg5 28. hxg6 Rxg6 29. Nf5 Rf7 30. Rh1 Rh7+ 31. Kg1 Qf7 32. Rxh7+ Qxh7 33. g4
Qf7 34. Rh2+ Kg8 35. Qh3 Kf8 36. e5 dxe5 37. dxe5 Bf4 38. Rg2 fxe5 39. Qd3 Ke8
40. Ne3 Rd6 41. Qe4 Qd7 42. c4 Rd4 43. Qf3 Rd3 44. Re2 Rxe3 45. Rxe3 Bxe3+ 46.
Qxe3 Qxg4+ 47. Kf2 Qxc4 48. Qxe5+ Kd7 49. a3 Qa2+ 50. Ke1 Qe6 51. Qxe6+ Kxe6
52. Kd2 Kd5 53. Kc3 b5 54. Kd3 a6 55. Kc3 Ke4 56. Kd2 Kd4 57. Kc2 c6 58. Kb2 c5
59. bxc5 Kxc5 60. Kc3 a5 61. Kb3 Kd4 62. Kc2 Kc4 63. Kb2 Kd4 64. a4 b4 65. Kb3
Kd3 66. Kb2 Kc4 67. Ka2 Kc3 0-1

[Event "FRA T IV 09-10"]
[Site "Champagne Ardennes"]
[Date "2009.11.22"]
[Round "3.4"]
[White "Pithois, Fabien"]
[Black "Hanot, Wilfried"]
[Result "1-0"]
[WhiteElo "1920"]
[BlackElo "1889"]
[PlyCount "55"]
[EventDate "2009.11.26"]
[EventType "match"]
[EventCountry "FRA"]

1. c4 Nf6 2. g3 g6 3. Nc3 Bg7 4. Bg2 c6 5. e4 d6 6. Nge2 e5 7. d3 O-O 8. O-O
Be6 9. h3 h5 10. Be3 Qc8 11. Kh2 Kh7 12. b4 Rh8 13. b5 Kg8 14. bxc6 bxc6 15.
Rc1 Qd7 16. f3 Na6 17. Rb1 d5 18. cxd5 cxd5 19. d4 dxe4 20. dxe5 Nd5 21. Nxd5
Qxd5 22. f4 Qd3 23. Qxd3 exd3 24. Bxa8 dxe2 25. Rfe1 Bxa2 26. Rb2 Bc4 27. Bf3
Bf8 28. Bxe2 1-0

[Event "FRA T IV 09-10"]
[Site "Champagne Ardennes"]
[Date "2009.11.22"]
[Round "3.5"]
[White "Glod, Philippe"]
[Black "Schelfhout Melin, Marie"]
[Result "0-1"]
[WhiteElo "1909"]
[BlackElo "1900"]
[PlyCount "114"]
[EventDate "2009.11.26"]
[EventType "match"]
[EventCountry "FRA"]

1. e4 e5 2. Nf3 Nc6 3. d4 exd4 4. Nxd4 Bc5 5. Nxc6 bxc6 6. Nc3 Ne7 7. Bd3 O-O
8. O-O Ng6 9. Na4 Bb6 10. Nxb6 cxb6 11. f4 d5 12. Qf3 d4 13. e5 Ne7 14. f5 Qd5
15. Qf4 Bb7 16. Be4 Qd7 17. f6 Ng6 18. Qg5 Rfe8 19. Bf4 c5 20. Bxb7 Qxb7 21. h4
h6 22. Qg3 h5 23. Qg5 Qe4 24. Rae1 Qxc2 25. Qxh5 Nxf4 26. Rxf4 Qh7 27. Qg5 Qh6
28. Qxh6 gxh6 29. Rg4+ Kh8 30. Rge4 Kh7 31. h5 Re6 32. Rg4 Rg8 33. Rxg8 Kxg8
34. Re4 Kf8 35. Kf2 Ke8 36. g4 Kd7 37. b4 Kc6 38. bxc5 bxc5 39. g5 hxg5 40. Rg4
Rxe5 41. h6 Rf5+ 42. Ke2 Rxf6 43. h7 Rh6 44. Rxg5 Rxh7 45. Rf5 Rh2+ 46. Kd3
Rxa2 47. Rxf7 Ra6 48. Kc4 Ra4+ 49. Kb3 Rb4+ 50. Kc2 Rb7 51. Rf5 c4 52. Ra5 Kb6
53. Ra4 Kb5 54. Ra1 a5 55. Rb1+ Ka6 56. Ra1 Rb3 57. Rd1 d3+ 0-1

[Event "FRA T IV 09-10"]
[Site "Champagne Ardennes"]
[Date "2009.11.22"]
[Round "3.6"]
[White "Marchal, Ludovic"]
[Black "Fourcart, Marc"]
[Result "0-1"]
[WhiteElo "1650"]
[BlackElo "1707"]
[PlyCount "92"]
[EventDate "2009.11.26"]
[EventType "match"]
[EventCountry "FRA"]

1. c4 d5 2. cxd5 Qxd5 3. Nc3 Qa5 4. g3 Nc6 5. Bg2 Bf5 6. Nf3 Nf6 7. O-O e6 8.
h3 Bd6 9. Nh4 Bg6 10. d3 O-O-O 11. Bd2 Qb6 12. Na4 Qa6 13. a3 Nh5 14. Kh2 Be7
15. Nf3 f5 16. Bg5 Nf6 17. Bf4 h6 18. Ne5 Nxe5 19. Bxe5 Bd6 20. Bxd6 Rxd6 21.
Nc5 Qb6 22. Nxb7 Rd5 23. Bxd5 Nxd5 24. Nc5 Qxc5 25. Rc1 Qd6 26. Qa4 Kb8 27. Rc6
Qe5 28. Qb5+ Ka8 29. Rc2 Be8 30. Qc5 g5 31. d4 Qf6 32. Re1 f4 33. e4 fxe3 34.
fxe3 c6 35. e4 Nb6 36. Qd6 Nc4 37. Qc5 Nb6 38. Qd6 Rf8 39. d5 Nc4 40. Qc5 Ne5
41. Rd1 exd5 42. Rxd5 Nf3+ 43. Kh1 Ne1 44. Rf5 Qe6 45. Rc4 Rf7 46. Rd4 Bd7 0-1

[Event "FRA T IV 09-10"]
[Site "Champagne Ardennes"]
[Date "2009.11.22"]
[Round "3.8"]
[White "Frezier, Sebastien"]
[Black "Romain, Emeline"]
[Result "0-1"]
[WhiteElo "1470"]
[BlackElo "1740"]
[PlyCount "66"]
[EventDate "2009.11.26"]
[EventType "match"]
[EventCountry "FRA"]

1. e4 d5 2. exd5 Qxd5 3. Nc3 Qa5 4. Bc4 Nf6 5. d3 c6 6. Nf3 Bg4 7. h3 Qh5 8.
Ne4 Nxe4 9. dxe4 e6 10. Be2 Be7 11. O-O Bxf3 12. Bxf3 Qe5 13. c3 Bd6 14. g3 Bc5
15. h4 Qxg3+ 16. Bg2 Qxh4 17. Qe2 Nd7 18. Be3 Bxe3 19. Qxe3 Nf6 20. Rad1 Ng4
21. Qh3 Qxh3 22. Bxh3 Ne5 23. b3 Nf3+ 24. Kg2 Ng5 25. f3 Nxh3 26. Kxh3 Rd8 27.
Rxd8+ Kxd8 28. Rg1 Rg8 29. Kg4 Ke7 30. Kf4 f6 31. e5 g5+ 32. Ke4 f5+ 33. Ke3 h5
0-1

[Event "FRA T IV 09-10"]
[Site "Champagne Ardennes"]
[Date "2009.11.22"]
[Round "3"]
[White "Boillon, Vincent"]
[Black "Prioux, Michel"]
[Result "1-0"]
[WhiteElo "2157"]
[BlackElo "1814"]
[PlyCount "71"]
[EventDate "2009.11.26"]
[EventType "match"]
[EventCountry "FRA"]

1. d4 d5 2. c4 c6 3. Nc3 Nf6 4. Nf3 a6 5. c5 Bf5 6. Qb3 Qc8 7. Nh4 Bg6 8. Nxg6
hxg6 9. f3 Nbd7 10. e4 e6 11. Be2 Be7 12. Be3 Bd8 13. Qc2 b6 14. cxb6 Bxb6 15.
Na4 Ba5+ 16. Kf2 Qb7 17. e5 Ng8 18. a3 Ne7 19. g4 Rc8 20. b4 Bc7 21. Rab1 f5
22. g5 Qa7 23. f4 Kf7 24. h4 Bb6 25. Qd3 a5 26. Nxb6 Nxb6 27. bxa5 Nc4 28. Qc3
Nxe3 29. Qxe3 Qxa5 30. h5 c5 31. hxg6+ Kxg6 32. Rxh8 Rxh8 33. dxc5 Qa8 34. Bf3
Nc6 35. Rb6 Kf7 36. Qd3 1-0

[Event "FRA T IV 09-10"]
[Site "Champagne Ardennes"]
[Date "2009.11.22"]
[Round "3"]
[White "Flamant, Jacky"]
[Black "Delmont, Jean Robert"]
[Result "0-1"]
[WhiteElo "1878"]
[BlackElo "1984"]
[PlyCount "52"]
[EventDate "2009.11.26"]
[EventType "match"]
[EventCountry "FRA"]

1. e4 c5 2. Nf3 d6 3. d4 cxd4 4. Nxd4 Nf6 5. Nc3 g6 6. f3 Bg7 7. Be3 Nc6 8. Qd2
O-O 9. h4 d5 10. O-O-O dxe4 11. h5 Nxh5 12. Nxe4 Nxd4 13. Bxd4 Qxd4 14. Qxd4
Bxd4 15. Rxd4 Bf5 16. Bd3 Rfd8 17. Rb4 Rac8 18. Kb1 b6 19. Nf2 Ng3 20. Re1 Kf8
21. Bxf5 Nxf5 22. Ne4 h5 23. c3 Nh4 24. Rg1 Rd5 25. Rd4 Rxd4 26. cxd4 Rd8 0-1

[Event "FRA T IV 09-10"]
[Site "Champagne Ardennes"]
[Date "2009.11.22"]
[Round "3"]
[White "Aubriet, Laurent"]
[Black "Alcidi, Valentin"]
[Result "1/2-1/2"]
[WhiteElo "2033"]
[BlackElo "1818"]
[PlyCount "82"]
[EventDate "2009.11.26"]
[EventType "match"]
[EventCountry "FRA"]

1. d4 Nf6 2. c4 e6 3. Nc3 Bb4 4. e3 O-O 5. Nge2 c5 6. a3 cxd4 7. exd4 Be7 8.
Ng3 d5 9. c5 Nc6 10. b4 e5 11. dxe5 Nxe5 12. Be2 b6 13. cxb6 axb6 14. Bb2 Nc4
15. Qc2 Nxb2 16. Qxb2 d4 17. Nce4 Bb7 18. f3 Nxe4 19. fxe4 Bf6 20. Bd3 Rc8 21.
Rc1 Rxc1+ 22. Qxc1 Bg5 23. Qc4 g6 24. O-O Be3+ 25. Kh1 Qa8 26. Qb3 Qc8 27. Bc4
Qc7 28. Qd3 Qe7 29. Rf3 Kg7 30. Bd5 Bxd5 31. exd5 f5 32. Ne2 Qe5 33. Qb5 Rd8
34. Qxb6 Qxd5 35. h3 Bd2 36. Rd3 Be3 37. a4 Rd6 38. Qa7+ Rd7 39. Qb6 Rd6 40.
Qc7+ Rd7 41. Qb6 Rb7 1/2-1/2

[Event "FRA T IV 09-10"]
[Site "Champagne Ardennes"]
[Date "2009.11.22"]
[Round "3"]
[White "Leghbali, Sophiane"]
[Black "Barreaud, Samuel"]
[Result "0-1"]
[WhiteElo "1881"]
[BlackElo "1860"]
[PlyCount "72"]
[EventDate "2009.11.26"]
[EventType "match"]
[EventCountry "FRA"]

1. e4 e6 2. d4 b6 3. Nf3 Bb7 4. Bd3 d6 5. O-O Be7 6. c3 Nd7 7. Bf4 g5 8. Bg3 h5
9. h3 Nh6 10. Nbd2 Nf8 11. Qc2 h4 12. Bh2 g4 13. hxg4 Nxg4 14. Bf4 Ng6 15. Be3
h3 16. g3 Nxe3 17. fxe3 Bg5 18. Rae1 Qe7 19. e5 O-O-O 20. Kh2 Rdg8 21. Ne4 Bh6
22. Nf6 Rg7 23. Be4 Bxe4 24. Qxe4 d5 25. Qd3 Qd8 26. a4 Ne7 27. a5 Nf5 28. Rg1
Bg5 29. Nxg5 Rxg5 30. axb6 cxb6 31. Ra1 Kb8 32. e4 Ne7 33. Qe3 Rg6 34. Qd3 Rg7
35. Qa6 Qc7 36. Qb5 Qc6 0-1

[Event "FRA T IV 09-10"]
[Site "Champagne Ardennes"]
[Date "2009.11.22"]
[Round "3"]
[White "Dhaussy, Adrien"]
[Black "Guyon, Cyndie"]
[Result "1/2-1/2"]
[WhiteElo "1855"]
[BlackElo "1900"]
[PlyCount "97"]
[EventDate "2009.11.26"]
[EventType "match"]
[EventCountry "FRA"]

1. e4 c6 2. d4 d5 3. exd5 cxd5 4. c4 Nf6 5. Nc3 Be6 6. c5 g6 7. h3 Bg7 8. Nf3
O-O 9. Be3 Nc6 10. Qd2 Re8 11. Bb5 Bd7 12. Bxc6 bxc6 13. Bf4 Bf5 14. Ne5 Qc8
15. g4 Be6 16. f3 Nd7 17. O-O-O Qb7 18. Rde1 a5 19. h4 Nxe5 20. Bxe5 f6 21. Bg3
Bf7 22. g5 Qb4 23. gxf6 exf6 24. a3 Qc4 25. Rd1 Re6 26. Qd3 Qxd3 27. Rxd3 Rae8
28. Bf4 Re1+ 29. Rxe1 Rxe1+ 30. Rd1 Rxd1+ 31. Kxd1 g5 32. hxg5 fxg5 33. Bxg5
Bxd4 34. Na4 h5 35. Bd8 Be6 36. Bxa5 h4 37. Bc7 Bg1 38. b4 h3 39. Nb6 h2 40.
Bxh2 Bxh2 41. a4 Bc7 42. a5 Bxb6 43. cxb6 Bc8 44. Kd2 Kf7 45. Ke3 Ke6 46. Kd4
Kf5 47. b5 cxb5 48. Kxd5 Ba6 49. Kc5 1/2-1/2

[Event "FRA T IV 09-10"]
[Site "Champagne Ardennes"]
[Date "2009.11.22"]
[Round "3"]
[White "Waczecka, Jerome"]
[Black "Colin, Stephanie"]
[Result "0-1"]
[WhiteElo "1870"]
[BlackElo "1843"]
[PlyCount "76"]
[EventDate "2009.11.26"]
[EventType "match"]
[EventCountry "FRA"]

1. d4 Nf6 2. Nf3 e6 3. Bg5 Be7 4. Nbd2 d6 5. e4 Nbd7 6. Bd3 b6 7. O-O Bb7 8.
Re1 c5 9. c3 h6 10. Bf4 O-O 11. Nc4 d5 12. Nd6 Bxd6 13. Bxd6 Re8 14. e5 Ne4 15.
Nd2 Nxd6 16. exd6 Nf6 17. dxc5 bxc5 18. Bb5 Rf8 19. Nb3 Qxd6 20. Qe2 Qb6 21.
Nc1 Rab8 22. Bd3 Rfd8 23. Rb1 d4 24. Qc2 Qc6 25. f3 c4 26. Bf1 d3 27. Qd2 Rd5
28. Kh1 Rh5 29. b3 Qc7 30. Kg1 Qxh2+ 31. Kf2 Bxf3 32. Re3 Ne4+ 33. Rxe4 Bxe4
34. Qe3 Qh4+ 35. Kg1 Qh1+ 36. Kf2 Rf5+ 37. Kg3 Qxf1 38. Qxe4 d2 0-1

[Event "FRA T IV 09-10"]
[Site "Champagne Ardennes"]
[Date "2009.11.22"]
[Round "3"]
[White "Cazzaro, Dorian"]
[Black "Husson, Christophe"]
[Result "1/2-1/2"]
[WhiteElo "1869"]
[BlackElo "1750"]
[PlyCount "35"]
[EventDate "2009.11.26"]
[EventType "match"]
[EventCountry "FRA"]

1. e4 c5 2. Nf3 Nc6 3. d4 cxd4 4. Nxd4 Nf6 5. Nc3 e5 6. Ndb5 d6 7. Bg5 a6 8.
Bxf6 gxf6 9. Na3 b5 10. Nd5 f5 11. exf5 Bxf5 12. Qf3 Nd4 13. Nf6+ Ke7 14. Nd5+
Ke8 15. Nf6+ Ke7 16. Nd5+ Ke8 17. Nf6+ Ke7 18. Nd5+ 1/2-1/2

[Event "FRA T IV 09-10"]
[Site "Champagne Ardennes"]
[Date "2009.11.22"]
[Round "3"]
[White "Renard, Luc"]
[Black "Vega, Emmanuel"]
[Result "1/2-1/2"]
[WhiteElo "1710"]
[BlackElo "1630"]
[PlyCount "125"]
[EventDate "2009.11.26"]
[EventType "match"]
[EventCountry "FRA"]

1. d4 Nf6 2. Nf3 d6 3. Bg5 e6 4. Nbd2 Be7 5. e3 b6 6. c3 Bb7 7. Bd3 Nbd7 8. Qc2
h6 9. Bh4 c5 10. O-O O-O 11. Rfe1 a6 12. e4 cxd4 13. cxd4 Rc8 14. Qd1 b5 15.
Qe2 e5 16. Bxf6 Bxf6 17. d5 Nc5 18. a3 Rc7 19. Rac1 Bc8 20. h3 Be7 21. b4 Nxd3
22. Qxd3 f5 23. Qe3 fxe4 24. Nxe4 Bf5 25. Rxc7 Qxc7 26. Rc1 Qb7 27. Rc6 Bd7 28.
Nxd6 Bxd6 29. Rxd6 Re8 30. Nd2 Bf5 31. Ne4 Qc7 32. Rc6 Qf7 33. Nd6 Qxd5 34.
Nxe8 Qxc6 35. Qxe5 Qg6 36. Qd6 Qxe8 37. Qxa6 Qe1+ 38. Kh2 Qxf2 39. Qxb5 Be4 40.
Qe8+ Qf8 41. Qxe4 Qd6+ 42. Kg1 Qd1+ 43. Kf2 Qd2+ 44. Kf3 Qc3+ 45. Qe3 Qf6+ 46.
Kg3 Qd6+ 47. Kf2 Qf6+ 48. Qf3 Qb2+ 49. Kg1 Qc1+ 50. Kh2 Qc7+ 51. Qg3 Qa7 52.
Qb3+ Kh7 53. b5 Qc7+ 54. g3 Qe5 55. Qc2+ Kh8 56. a4 Qd4 57. a5 Qb4 58. b6 Qxa5
59. b7 Qb6 60. Qc8+ Kh7 61. h4 Qf2+ 62. Kh3 Qf1+ 63. Kg4 1/2-1/2

[Event "FRA T IV 09-10"]
[Site "Champagne Ardennes"]
[Date "2009.11.22"]
[Round "3"]
[White "Sohier, Renaud"]
[Black "Robert Dehault, Etienne"]
[Result "1-0"]
[WhiteElo "2060"]
[BlackElo "1933"]
[PlyCount "77"]
[EventDate "2009.11.26"]
[EventType "match"]
[EventCountry "FRA"]

1. d4 Nf6 2. c4 e6 3. g3 d5 4. Nf3 b6 5. Bg2 Ba6 6. Ne5 Bb4+ 7. Nc3 O-O 8. Qb3
c5 9. dxc5 bxc5 10. O-O Bxc3 11. Qxc3 Nbd7 12. Nc6 Qc7 13. Ne7+ Kh8 14. cxd5
exd5 15. Nxd5 Nxd5 16. Bxd5 Bxe2 17. Bf4 Qb6 18. Rfe1 Rae8 19. Rac1 Nf6 20. Bb3
Ne4 21. Qc2 c4 22. Rxe2 cxb3 23. axb3 Nf6 24. Be3 Qb7 25. Ra1 Rc8 26. Bc5 Qd5
27. b4 Nd7 28. Rd2 Qc6 29. Rc1 Nxc5 30. bxc5 Rfe8 31. b4 Re4 32. Rd6 Qe8 33.
Qd2 Qb5 34. c6 h6 35. Rd8+ Re8 36. Rxe8+ Rxe8 37. c7 Qb7 38. Qd8 Qc8 39. Qxe8+
1-0

[Event "FRA T IV 09-10"]
[Site "Champagne Ardennes"]
[Date "2009.11.22"]
[Round "3"]
[White "Moret, Florian"]
[Black "Lambert, Alban"]
[Result "1/2-1/2"]
[WhiteElo "1920"]
[BlackElo "1860"]
[PlyCount "62"]
[EventDate "2009.11.26"]
[EventType "match"]
[EventCountry "FRA"]

1. e4 c5 2. Nc3 d6 3. f4 Nc6 4. Nf3 Bg4 5. Bc4 e6 6. O-O Be7 7. d3 Nf6 8. Qe1
Bxf3 9. Rxf3 O-O 10. Bb3 Nd4 11. Rf2 b5 12. Ne2 Nxb3 13. axb3 b4 14. h3 Qc7 15.
g4 Nxe4 16. dxe4 Bh4 17. Qf1 Bxf2+ 18. Qxf2 a5 19. Be3 f6 20. Rd1 a4 21. Nc1 a3
22. bxa3 Rxa3 23. Qd2 Rd8 24. Nd3 Rda8 25. Nc1 R3a6 26. Qd3 e5 27. f5 Rc6 28.
Kg2 Rd8 29. Qd5+ Kh8 30. Nd3 Ra8 31. Kf3 h6 1/2-1/2

[Event "FRA T IV 09-10"]
[Site "Champagne Ardennes"]
[Date "2009.11.22"]
[Round "3"]
[White "Noizet, Donatien"]
[Black "Viard, Dominique"]
[Result "1-0"]
[WhiteElo "1850"]
[BlackElo "1939"]
[PlyCount "45"]
[EventDate "2009.11.26"]
[EventType "match"]
[EventCountry "FRA"]

1. e4 c6 2. c4 d5 3. exd5 cxd5 4. d4 Nf6 5. Nc3 e6 6. Bg5 Bb4 7. cxd5 exd5 8.
Bb5+ Bd7 9. Bxd7+ Nbxd7 10. Nge2 O-O 11. O-O Be7 12. Qb3 Nb6 13. Rfe1 Qd7 14.
Nf4 Rfe8 15. Bxf6 Bxf6 16. Nfxd5 Bxd4 17. Red1 Qe6 18. Nc7 Bxf2+ 19. Kh1 Qg4
20. Nxa8 Nxa8 21. Rf1 Qf5 22. Qxb7 h6 23. Qxa7 1-0

[Event "FRA T IV 09-10"]
[Site "Champagne Ardennes"]
[Date "2009.11.22"]
[Round "3"]
[White "Rouable, Denis"]
[Black "Gerardin, David"]
[Result "0-1"]
[WhiteElo "1860"]
[BlackElo "1730"]
[PlyCount "80"]
[EventDate "2009.11.26"]
[EventType "match"]
[EventCountry "FRA"]

1. d4 Nf6 2. c4 e6 3. a3 c5 4. Nf3 d5 5. e3 Nc6 6. Nc3 Bd7 7. Bd3 a6 8. O-O
dxc4 9. Bxc4 b5 10. Bd3 c4 11. Bc2 Be7 12. e4 Qc7 13. Qe2 Rc8 14. e5 Nd5 15.
Qe4 Nxc3 16. bxc3 Na5 17. Qg4 g6 18. Rb1 Rb8 19. h4 Bc6 20. h5 Nb3 21. hxg6
hxg6 22. Bb2 Bxf3 23. Qxf3 Nd2 24. Qg3 Nxf1 25. Rxf1 Kd7 26. Rd1 Rbd8 27. Qf3
Ke8 28. Be4 Bg5 29. g3 Qe7 30. Qg4 Bh6 31. Ra1 Qg5 32. Qxg5 Bxg5 33. a4 Kf8 34.
axb5 axb5 35. Ra7 Bd2 36. Rb7 Kg7 37. Ra7 b4 38. cxb4 c3 39. Ba3 Rxd4 40. f3
Be3+ 0-1

[Event "FRA T IV 09-10"]
[Site "Champagne Ardennes"]
[Date "2009.11.22"]
[Round "3"]
[White "Lhoest, Alain"]
[Black "Fister, Bernard"]
[Result "0-1"]
[WhiteElo "1720"]
[BlackElo "1720"]
[PlyCount "66"]
[EventDate "2009.11.26"]
[EventType "match"]
[EventCountry "FRA"]

1. e4 c6 2. d4 d5 3. Nc3 dxe4 4. Nxe4 Nd7 5. Bc4 Ngf6 6. Ng5 e6 7. Qe2 Nb6 8.
N1f3 h6 9. Nxf7 Kxf7 10. Ne5+ Kg8 11. Bb3 Bd6 12. Ng6 Qe8 13. Nxh8 Kxh8 14. c4
Bb4+ 15. Kf1 Qh5 16. f3 Bd7 17. Be3 Re8 18. a3 Ba5 19. h4 e5 20. d5 cxd5 21. g4
Nxg4 22. Bxb6 Bxb6 23. fxg4 Bxg4 24. Qd2 Rf8+ 25. Ke1 Bf2+ 26. Qxf2 Rxf2 27.
Kxf2 Qf5+ 28. Kg1 Qg6 29. Rh2 Bf3+ 30. Kf2 e4 31. c5 Qf6 32. Ke1 d4 33. Bc4 Qf4
0-1